[Event "SR 1. liga zapad 2012/2013"]
[Site "?"]
[Date "2012.12.09"]
[Round "4.2"]
[White "Antol, Ladislav"]
[Black "Balogh, Peter"]
[Result "0-1"]
[WhiteElo "2077"]
[BlackElo "2013"]
[PlyCount "122"]
[EventDate "2012.??.??"]

1. e4 e5 2. Nf3 Nc6 3. Bb5 f5 4. exf5 e4 5. Ng1 Nf6 6. d3 Nd4 7. Nc3 Bb4 8. Ba4
b5 9. dxe4 c5 10. a3 Bxc3+ 11. bxc3 Qa5 12. Bd2 Qxa4 13. cxd4 Qxd4 14. f3 Bb7
15. Ne2 Qc4 16. O-O O-O 17. g4 Nxe4 18. Bf4 Rfe8 19. Qd3 Qxd3 20. cxd3 Nd2 21.
Bxd2 Rxe2 22. Rf2 Rae8 23. Rc1 Bxf3 24. Rxf3 Rxd2 25. Rxc5 Re1+ 26. Rf1 Ree2
27. Rf4 Rxd3 28. Rxb5 Rxa3 29. Rd5 Ra1+ 30. Rf1 Raa2 31. Rc1 Rg2+ 32. Kh1 Rxh2+
33. Kg1 Rhd2 34. Re5 Rg2+ 35. Kf1 Raf2+ 36. Ke1 Rg1+ 37. Kxf2 Rxc1 38. Rd5 Rc7
39. g5 Kf7 40. Ke3 Ke7 41. Kd4 d6 42. Ra5 h6 43. g6 Kf6 44. Ke4 Rc5 45. Rxa7
Re5+ 46. Kd4 Rxf5 47. Rd7 Kxg6 48. Rxd6+ Rf6 49. Rd7 h5 50. Ke5 h4 51. Rd4 Kh5
52. Rd7 Rg6 53. Kf4 h3 54. Rd5+ Kh4 55. Rd2 Rf6+ 56. Ke5 Rf3 57. Ke4 Kg3 58.
Rd5 Rf4+ 59. Ke3 h2 60. Rh5 Rh4 61. Rg5+ Kh3 0-1

[Event "SR 1. liga zapad 2012/2013"]
[Site "?"]
[Date "2012.12.09"]
[Round "4.2"]
[White "Baranek, Jozef"]
[Black "Machalova, Maria"]
[Result "1/2-1/2"]
[WhiteElo "2131"]
[BlackElo "2105"]
[PlyCount "67"]
[EventDate "2012.??.??"]

1. g3 c5 2. Bg2 d5 3. Nf3 Nc6 4. d4 Bg4 5. Ne5 Bh5 6. Nxc6 bxc6 7. c4 e6 8. Qa4
Qd7 9. e4 cxd4 10. cxd5 cxd5 11. Qxd7+ Kxd7 12. exd5 exd5 13. O-O Nf6 14. Nd2
Bc5 15. Nb3 Bb6 16. Bf4 Rhe8 17. Bh3+ Bg4 18. Bxg4+ Nxg4 19. h3 Nf6 20. a4 a5
21. Rad1 Re4 22. Rd3 Rc8 23. Bd2 Rc2 24. Bxa5 Bxa5 25. Nxa5 Rxb2 26. Nb3 Ree2
27. Nxd4 Red2 28. Rxd2 Rxd2 29. Nb3 Ra2 30. Ra1 Rxa1+ 31. Nxa1 Ne4 32. Kg2 Nc5
33. a5 Kc6 34. Kf3 1/2-1/2

[Event "SR 1. liga zapad 2012/2013"]
[Site "?"]
[Date "2012.12.09"]
[Round "4.2"]
[White "Bednar, Jan"]
[Black "Berza, Stefan"]
[Result "1-0"]
[WhiteElo "2143"]
[BlackElo "2074"]
[PlyCount "43"]
[EventDate "2012.??.??"]

1. d4 c5 2. d5 d6 3. e4 Nf6 4. Nc3 e5 5. f4 exf4 6. Bxf4 Be7 7. Nf3 O-O 8. Be2
Qa5 9. O-O b5 10. Bxb5 Qb6 11. a4 a6 12. a5 Qb7 13. Bc4 Qxb2 14. Na4 Qb7 15. e5
dxe5 16. Bxe5 Nbd7 17. Rb1 Qa7 18. Nb6 Nxb6 19. axb6 Qd7 20. Bc7 Bb7 21. Ne5
Qc8 22. d6 1-0

[Event "SR 1. liga zapad 2012/2013"]
[Site "?"]
[Date "2012.12.09"]
[Round "4.2"]
[White "Federic, Jozef"]
[Black "Bottyan, Peter"]
[Result "1-0"]
[WhiteElo "2299"]
[BlackElo "2262"]
[PlyCount "69"]
[EventDate "2012.??.??"]

1. d4 g6 2. g3 Bg7 3. Bg2 d5 4. Nf3 c6 5. O-O f5 6. Bf4 Nf6 7. Nbd2 Nbd7 8. c4
Nh5 9. Be3 e6 10. b4 O-O 11. Qb3 Qe8 12. Rac1 f4 13. Bxf4 Nxf4 14. gxf4 Rxf4
15. e3 Rf8 16. Ng5 h6 17. Nh3 g5 18. f4 g4 19. Nf2 h5 20. Nd3 Qg6 21. b5 Kh8
22. f5 Rxf5 23. Nf4 Rxf4 24. Rxf4 e5 25. dxe5 Nxe5 26. Rcf1 dxc4 27. Nxc4 Be6
28. Nxe5 Bxe5 29. Rf8+ Rxf8 30. Rxf8+ Kg7 31. Qb4 Qg5 32. bxc6 bxc6 33. Rf1 h4
34. Qf8+ Kg6 35. Be4+ 1-0

[Event "SR 1. liga zapad 2012/2013"]
[Site "?"]
[Date "2012.12.09"]
[Round "4.2"]
[White "Hegedus, Roland"]
[Black "Helbich, Branislav"]
[Result "1-0"]
[WhiteElo "2007"]
[BlackElo "2036"]
[PlyCount "81"]
[EventDate "2012.??.??"]

1. e4 e5 2. Nf3 Nc6 3. Bb5 Nf6 4. O-O Be7 5. Re1 d6 6. h3 O-O 7. c3 a6 8. Ba4
b5 9. Bb3 Na5 10. Bc2 c5 11. d4 Qc7 12. b3 Bd7 13. d5 c4 14. b4 Nb7 15. a4 bxa4
16. Bxa4 a5 17. Bxd7 Qxd7 18. bxa5 Rxa5 19. Rxa5 Nxa5 20. Ba3 Rc8 21. Bb4 Bd8
22. Na3 Nb7 23. Nd2 Nc5 24. Bxc5 Rxc5 25. Ndxc4 Kf8 26. Qb3 Ke7 27. Qb4 Qc8 28.
Nb5 Ne8 29. Ne3 g6 30. Ra1 Kf8 31. Ra4 Be7 32. Nc4 Qd7 33. Na7 Nc7 34. Nc6 Rb5
35. Qa3 Rb1+ 36. Kh2 Nb5 37. Qa2 Re1 38. Qd2 Rxe4 39. Qh6+ Ke8 40. Ra8+ Bd8 41.
Qxh7 1-0

[Event "SR 1. liga zapad 2012/2013"]
[Site "?"]
[Date "2012.12.09"]
[Round "4.2"]
[White "Kukel, Imre 1985"]
[Black "Rohacek, Miroslav"]
[Result "0-1"]
[WhiteElo "2260"]
[BlackElo "2308"]
[PlyCount "46"]
[EventDate "2012.??.??"]

1. e4 c5 2. Nf3 d6 3. d4 cxd4 4. Nxd4 Nf6 5. Nc3 a6 6. Be3 e5 7. Nde2 Be7 8.
Ng3 O-O 9. Nh5 Ng4 10. Bc4 Nxe3 11. fxe3 Bh4+ 12. g3 Bg5 13. h4 Be7 14. Qf3 g6
15. O-O Be6 16. Bxe6 fxe6 17. Qg4 Kh8 18. Qxe6 gxh5 19. Rxf8+ Qxf8 20. Rf1 Qg7
21. Nd5 Qxg3+ 22. Kh1 Nc6 23. Rf7 Rg8 0-1

[Event "SR 1. liga zapad 2012/2013"]
[Site "?"]
[Date "2012.12.09"]
[Round "4.2"]
[White "Maslik, Miroslav"]
[Black "Borosova, Zuzana"]
[Result "0-1"]
[WhiteElo "2376"]
[BlackElo "2263"]
[PlyCount "124"]
[EventDate "2012.??.??"]

1. d4 d5 2. c4 c6 3. Nf3 Nf6 4. Qb3 dxc4 5. Qxc4 Bf5 6. g3 Nbd7 7. Bg2 e6 8.
O-O Be7 9. Nc3 O-O 10. e3 b5 11. Qe2 b4 12. e4 Bg6 13. e5 bxc3 14. exf6 cxb2
15. Bxb2 Bxf6 16. Rac1 Rc8 17. Ne5 Nxe5 18. dxe5 Be7 19. Rfd1 Qb6 20. Rc3 Bh5
21. Qxh5 Qxb2 22. Rxc6 Rxc6 23. Bxc6 Bc5 24. Qf3 Qxa2 25. Re1 f6 26. Re2 Qa1+
27. Kg2 fxe5 28. Qg4 Qd4 29. Qxe6+ Kh8 30. Bf3 Qd3 31. Qg4 Qd4 32. Qe6 Qd3 33.
Qg4 Bd4 34. Be4 Qa6 35. Rc2 Qf6 36. Qh5 g6 37. Qe2 Qb6 38. Bf3 a5 39. h4 a4 40.
Qc4 Qb3 41. Qc6 a3 42. Bd5 Qb6 43. Qxb6 Bxb6 44. f3 Rd8 45. Ba2 Kg7 46. Bb3 Rd3
47. Bc4 Rd1 48. Bb3 Rb1 49. Ba2 Ra1 50. Re2 Bd4 51. Bd5 Bb2 52. Re4 Rd1 53. Be6
Rd6 54. Bb3 Rd2+ 55. Kh3 Rd3 56. Be6 Rxf3 57. Ra4 Bd4 58. Ra8 Rc3 59. Kg2 Kf6
60. Bg8 e4 61. Ra5 Rc2+ 62. Kh3 e3 0-1

[Event "SR 1. liga zapad 2012/2013"]
[Site "?"]
[Date "2012.12.09"]
[Round "4.3"]
[White "Cajka, Tibor"]
[Black "Turna, Stefan"]
[Result "1/2-1/2"]
[WhiteElo "2170"]
[BlackElo "2208"]
[PlyCount "59"]
[EventDate "2012.??.??"]

1. e4 c5 2. Nf3 d6 3. d4 cxd4 4. Nxd4 Nf6 5. Nc3 a6 6. Be3 e6 7. f3 Be7 8. Qd2
Nc6 9. O-O-O Nxd4 10. Qxd4 O-O 11. g4 Nd7 12. Qd2 b5 13. h4 Bb7 14. g5 b4 15.
Ne2 d5 16. h5 Ne5 17. Nd4 dxe4 18. g6 Nxf3 19. Nxf3 exf3 20. Bd3 f2 21. gxh7+
Kh8 22. Rh2 Qd5 23. Kb1 e5 24. Qxf2 Rad8 25. Rg1 e4 26. Be2 Qe5 27. Bf4 Qc5 28.
Be3 Qe5 29. Bf4 Qc5 30. Be3 1/2-1/2

[Event "SR 1. liga zapad 2012/2013"]
[Site "?"]
[Date "2012.12.09"]
[Round "4.3"]
[White "Dolnak, Michal"]
[Black "Diviak, Rastislav"]
[Result "1-0"]
[WhiteElo "2115"]
[BlackElo "2017"]
[PlyCount "53"]
[EventDate "2012.??.??"]

1. d4 Nf6 2. c4 g6 3. Nc3 Bg7 4. e4 d6 5. Nf3 O-O 6. Be2 e5 7. O-O Nc6 8. d5
Ne7 9. b4 Nd7 10. a4 f5 11. Nd2 Nf6 12. c5 dxc5 13. bxc5 fxe4 14. Bc4 Nexd5 15.
Ndxe4 c6 16. Bg5 Be6 17. Qb3 Qd7 18. Bxf6 Bxf6 19. Rfd1 Kh8 20. Nxd5 Bxd5 21.
Bxd5 cxd5 22. Rxd5 Qc6 23. f3 Rad8 24. Rad1 Rxd5 25. Rxd5 Rd8 26. Rxd8+ Bxd8
27. Qf7 1-0

[Event "SR 1. liga zapad 2012/2013"]
[Site "?"]
[Date "2012.12.09"]
[Round "4.3"]
[White "Hacik, Radomir"]
[Black "Bury, Rastislav"]
[Result "1/2-1/2"]
[WhiteElo "2185"]
[BlackElo "2099"]
[PlyCount "97"]
[EventDate "2012.??.??"]

1. e4 c5 2. Nf3 d6 3. d4 cxd4 4. Nxd4 Nf6 5. Nc3 a6 6. Bg5 e6 7. f4 h6 8. Bh4
Be7 9. Qf3 Qc7 10. O-O-O Nbd7 11. Be2 b5 12. e5 Bb7 13. exf6 Bxf3 14. Bxf3 d5
15. fxg7 Rg8 16. Bxe7 Kxe7 17. Bxd5 Rac8 18. f5 Qf4+ 19. Kb1 Rxc3 20. fxe6 Rc5
21. exf7 Rxg7 22. Rhe1+ Kf6 23. Rf1 Qxf1 24. Rxf1+ Ke5 25. Bb3 Kxd4 26. Rd1+
Ke3 27. Rxd7 Rf5 28. a3 Rxg2 29. Rd6 Rxh2 30. Rxa6 h5 31. Bd5 Rf1+ 32. Ka2 Rxc2
33. Ra8 Rcf2 34. Bg2 Rxg2 35. f8=Q Rxf8 36. Rxf8 Rg5 37. Kb3 h4 38. Rh8 Rg4 39.
Rh5 b4 40. a4 Kf3 41. a5 Kg3 42. a6 Rg6 43. Ra5 Rg8 44. Kxb4 h3 45. a7 Ra8 46.
Rg5+ Kf2 47. Rh5 Kg2 48. Rg5+ Kf2 49. Rh5 1/2-1/2

[Event "SR 1. liga zapad 2012/2013"]
[Site "?"]
[Date "2012.12.09"]
[Round "4.3"]
[White "Havlicek, Libor"]
[Black "Meszaros, Michal"]
[Result "1/2-1/2"]
[WhiteElo "2299"]
[BlackElo "2412"]
[PlyCount "91"]
[EventDate "2012.??.??"]

1. d4 g6 2. Nf3 Nf6 3. g3 Bg7 4. Bg2 d5 5. O-O c6 6. Nbd2 O-O 7. Re1 Bf5 8. h3
Ne4 9. c3 Nd7 10. Nh4 Be6 11. Nxe4 dxe4 12. Bxe4 Bxh3 13. Ng2 e5 14. dxe5 Nxe5
15. Qxd8 Raxd8 16. Bg5 f6 17. Bf4 Nc4 18. Bc2 Be6 19. b3 Na3 20. Bd3 f5 21.
Rac1 Nb5 22. c4 Nd6 23. Be3 a6 24. Red1 Rfe8 25. Bb6 Rd7 26. Ne3 Nc8 27. Ba5
Bb2 28. Rb1 Bd4 29. Nc2 Bf6 30. c5 Kg7 31. e3 Ne7 32. Bc4 Nd5 33. Rd3 Rde7 34.
Rbd1 Be5 35. Nb4 Nxb4 36. Bxb4 Bxc4 37. bxc4 Kf7 38. Ba5 Ke6 39. Bd8 Rg7 40.
Bg5 Rc7 41. Bd8 Rg7 42. Bg5 Bc7 43. Kg2 Rb8 44. Bf4 Bxf4 45. exf4 Re7 46. Kf3
1/2-1/2

[Event "SR 1. liga zapad 2012/2013"]
[Site "?"]
[Date "2012.12.09"]
[Round "4.3"]
[White "Jozefek, Michal"]
[Black "Kovac, Andrej"]
[Result "1-0"]
[WhiteElo "2060"]
[BlackElo "2148"]
[PlyCount "53"]
[EventDate "2012.??.??"]

1. d4 d5 2. c4 c6 3. Nf3 Nf6 4. e3 g6 5. b3 Bg7 6. Bb2 O-O 7. Bd3 Nbd7 8. h3
Re8 9. O-O b6 10. Nbd2 Bb7 11. Ne5 c5 12. f4 cxd4 13. exd4 Rc8 14. Qe2 Rc7 15.
f5 g5 16. h4 gxh4 17. Ndf3 Qa8 18. Nxf7 dxc4 19. N7g5 Nf8 20. bxc4 Nh5 21. Nxh4
Ng3 22. Qg4 Nxf1 23. Rxf1 Rc6 24. Ne6 Rxe6 25. fxe6 Ng6 26. Nxg6 hxg6 27. Qxg6
1-0

[Event "SR 1. liga zapad 2012/2013"]
[Site "?"]
[Date "2012.12.09"]
[Round "4.3"]
[White "Pagerka, Martin"]
[Black "Castiglione, Mario"]
[Result "1-0"]
[WhiteElo "2261"]
[BlackElo "2282"]
[PlyCount "43"]
[EventDate "2012.??.??"]

1. e4 e5 2. Nf3 Nc6 3. Bb5 f5 4. Nc3 fxe4 5. Nxe4 Nf6 6. Qe2 d5 7. Nxf6+ gxf6
8. Nd4 Bd7 9. Qh5+ Ke7 10. Nxc6+ bxc6 11. Be2 Be8 12. Qh4 Bg6 13. O-O Bxc2 14.
d4 Kf7 15. dxe5 fxe5 16. Bh5+ Ke6 17. Bg5 Be7 18. Bg4+ Kd6 19. f4 Bxg5 20.
fxe5+ Kc5 21. Qf2+ Kb5 22. Be2+ 1-0

[Event "SR 1. liga zapad 2012/2013"]
[Site "?"]
[Date "2012.12.09"]
[Round "4.3"]
[White "Peitl, Tomas"]
[Black "Gasa, Andrej"]
[Result "1/2-1/2"]
[WhiteElo "2220"]
[BlackElo "2282"]
[PlyCount "91"]
[EventDate "2012.??.??"]

1. e4 c5 2. Nf3 d6 3. d4 cxd4 4. Nxd4 Nf6 5. Nc3 a6 6. Bg5 e6 7. f4 Be7 8. Qf3
Qc7 9. O-O-O Nbd7 10. g4 h6 11. Bxf6 Nxf6 12. h4 g6 13. g5 hxg5 14. hxg5 Rxh1
15. Qxh1 Nh5 16. Qf3 Bd7 17. Bh3 O-O-O 18. Bg4 Ng7 19. Rh1 Qb6 20. Qd3 Kb8 21.
Rh7 Bf8 22. Nde2 Bc6 23. f5 gxf5 24. exf5 exf5 25. Bxf5 Qc5 26. Nd4 Nxf5 27.
Nxf5 Qg1+ 28. Nd1 Qxg5+ 29. Kb1 Qg6 30. Rh8 Re8 31. Qd4 Qxf5 32. Rxf8 Qe6 33.
Rxe8+ Bxe8 34. Ne3 Bc6 35. b3 Qe5 36. Qb6 d5 37. a4 Qe6 38. Qd4 Qe4 39. Qc5 Qe6
40. b4 Qd7 41. b5 axb5 42. axb5 Bxb5 43. Nxd5 Bc6 44. Qf8+ Ka7 45. Qa3+ Kb8 46.
Qf8+ 1/2-1/2

[Event "SR 1. liga zapad 2012/2013"]
[Site "?"]
[Date "2012.12.09"]
[Round "4.3"]
[White "Pericka, Tomas"]
[Black "Sosovicka, Juraj"]
[Result "1/2-1/2"]
[WhiteElo "2029"]
[BlackElo "2089"]
[PlyCount "82"]
[EventDate "2012.??.??"]

1. e4 e5 2. Bc4 Nf6 3. Nc3 Nc6 4. a3 Nxe4 5. Nxe4 d5 6. Bd3 dxe4 7. Bxe4 Bd6 8.
Nf3 f5 9. Bxc6+ bxc6 10. d4 e4 11. Bg5 Qd7 12. Ne5 Qe6 13. c4 O-O 14. g3 c5 15.
Nc6 cxd4 16. Qxd4 Bb7 17. Qd5 Qxd5 18. cxd5 Bxc6 19. dxc6 Be5 20. Rb1 h6 21.
Be3 Rf6 22. O-O Rxc6 23. Rfd1 Kf7 24. b4 Ke6 25. Rbc1 Rd6 26. Rxd6+ cxd6 27. b5
d5 28. Rc6+ Kd7 29. Bc5 d4 30. a4 d3 31. Kf1 a5 32. Be3 Rc8 33. Rxc8 Kxc8 34.
Bd2 Bc7 35. h4 g6 36. Bxh6 Bb6 37. Be3 Bc7 38. Bd2 Kd7 39. Ke1 Ke6 40. Bf4 Bb6
41. Be3 Bxe3 1/2-1/2

[Event "SR 1. liga zapad 2012/2013"]
[Site "?"]
[Date "2012.12.09"]
[Round "4.4"]
[White "Capak, Stefan"]
[Black "Kolcak, Marek"]
[Result "0-1"]
[WhiteElo "2040"]
[BlackElo "2167"]
[PlyCount "52"]
[EventDate "2012.??.??"]

1. d4 d5 2. Nf3 Nf6 3. c4 dxc4 4. Na3 e6 5. Nxc4 c5 6. e3 Nc6 7. Be2 cxd4 8.
exd4 Bb4+ 9. Bd2 Be7 10. Bg5 O-O 11. O-O b6 12. Rc1 Bb7 13. Nce5 Rc8 14. a3 h6
15. Bh4 Nd5 16. Bg3 Bf6 17. Qa4 Bxe5 18. dxe5 Rc7 19. Nd4 Nf4 20. Bxf4 Nxd4 21.
Qd1 Rxc1 22. Bxc1 Qd5 23. f3 Qxe5 24. Re1 Rd8 25. Bd3 Nxf3+ 26. gxf3 Rxd3 0-1

[Event "SR 1. liga zapad 2012/2013"]
[Site "?"]
[Date "2012.12.09"]
[Round "4.4"]
[White "Certek, Pavel"]
[Black "Jakubek, Peter"]
[Result "1/2-1/2"]
[WhiteElo "2315"]
[BlackElo "2136"]
[PlyCount "152"]
[EventDate "2012.??.??"]

1. Nf3 d5 2. d4 Nf6 3. c4 e6 4. Nc3 Be7 5. Bg5 h6 6. Bxf6 Bxf6 7. e3 a6 8. Rc1
c6 9. Bd3 Nd7 10. O-O O-O 11. e4 c5 12. e5 Be7 13. cxd5 cxd4 14. Ne2 exd5 15.
Nexd4 Nc5 16. Bb1 Ne4 17. Qe2 Qb6 18. Bxe4 dxe4 19. Qxe4 Qxb2 20. Nf5 Bxf5 21.
Qxf5 Qxa2 22. Rc7 Bb4 23. Rxb7 a5 24. Qe4 Rad8 25. g3 Qd5 26. Qxd5 Rxd5 27. Rc1
Rc5 28. Rd1 Bc3 29. Re7 Bb2 30. Rb1 Rb8 31. Ra7 Rbb5 32. Rd1 Bxe5 33. Rd8+ Kh7
34. Nxe5 Rxe5 35. Rxf7 Rf5 36. Rxf5 Rxf5 37. Ra8 Rc5 38. Kg2 Kg6 39. Ra6+ Kf5
40. Kf3 Rc3+ 41. Ke2 Ra3 42. h4 Ra2+ 43. Ke3 Ra3+ 44. Kd4 Ra2 45. Ra7 g5 46.
hxg5 hxg5 47. f3 g4 48. fxg4+ Kxg4 49. Rg7+ Kf5 50. Rg8 Ra4+ 51. Ke3 Ra3+ 52.
Kf2 Ra2+ 53. Kf3 Ra3+ 54. Kg2 Rb3 55. Ra8 Rb5 56. Kh3 Kg5 57. Rg8+ Kh6 58. Kh4
Rb6 59. Ra8 Rb4+ 60. g4 Rb6 61. Rxa5 Kg6 62. Ra8 Rc6 63. Rg8+ Kh6 64. Kg3 Kh7
65. Rg5 Kh6 66. Re5 Kg6 67. Re4 Ra6 68. Kf4 Rb6 69. Ra4 Rc6 70. Ra5 Rc4+ 71.
Kg3 Rc3+ 72. Kh4 Rc6 73. Rg5+ Kh6 74. Rg8 Kh7 75. Rf8 Kg6 76. Rf4 Ra6 1/2-1/2

[Event "SR 1. liga zapad 2012/2013"]
[Site "?"]
[Date "2012.12.09"]
[Round "4.4"]
[White "Chovanec, Milan"]
[Black "Zetocha, Claudiu"]
[Result "0-1"]
[WhiteElo "2153"]
[BlackElo "2360"]
[PlyCount "106"]
[EventDate "2012.??.??"]

1. e4 c5 2. c3 d5 3. exd5 Qxd5 4. d4 Nc6 5. Nf3 Nf6 6. Be2 cxd4 7. cxd4 e6 8.
O-O Be7 9. Nc3 Qd6 10. Nb5 Qd8 11. Bf4 Nd5 12. Bg3 O-O 13. Nc3 Nf6 14. a3 b6
15. Qa4 Bb7 16. Rad1 a6 17. Rfe1 b5 18. Qb3 Rc8 19. Qa2 Na5 20. Rd3 Ne4 21. Nd2
Nxc3 22. bxc3 Bd5 23. Qa1 Nc4 24. Nxc4 Bxc4 25. Re3 Bxe2 26. R1xe2 Rc4 27. Be5
Bf6 28. Bxf6 Qxf6 29. Ra2 Rfc8 30. Qe1 h6 31. Rg3 Qf4 32. Re2 Qd6 33. Qc1 Rxd4
34. Re1 Rd3 35. Rxd3 Qxd3 36. Re3 Qd6 37. Rg3 Rd8 38. h3 Qd1+ 39. Qxd1 Rxd1+
40. Kh2 Ra1 41. c4 bxc4 42. Rc3 Kf8 43. f3 Ke7 44. h4 Kd6 45. Rxc4 Rxa3 46. h5
Ra5 47. g4 Rc5 48. Rb4 Kc7 49. Kg3 a5 50. Ra4 Kb6 51. Re4 Kb5 52. f4 a4 53. Kh4
Rc4 0-1

[Event "SR 1. liga zapad 2012/2013"]
[Site "?"]
[Date "2012.12.09"]
[Round "4.4"]
[White "Obona, Jan"]
[Black "Bezuch, Martin"]
[Result "1/2-1/2"]
[WhiteElo "2147"]
[BlackElo "2291"]
[PlyCount "72"]
[EventDate "2012.??.??"]

1. Nf3 g6 2. c4 Bg7 3. d4 d6 4. Nc3 Nd7 5. e4 e5 6. d5 Ne7 7. Be2 O-O 8. O-O h6
9. b4 f5 10. a4 f4 11. c5 Nf6 12. Nd2 g5 13. f3 Rf7 14. Ba3 Bf8 15. Nc4 Ng6 16.
Ra2 h5 17. Kf2 g4 18. Ke1 Nh7 19. Kd2 Nh4 20. Rg1 Ng5 21. Kc1 g3 22. hxg3 fxg3
23. Qe1 Bh6 24. Kb1 Rg7 25. cxd6 cxd6 26. Bc1 Nf7 27. Bxh6 Nxh6 28. Qc1 Nf7 29.
f4 exf4 30. Qxf4 Bg4 31. Nb5 Bxe2 32. Rxe2 Rg4 33. Qe3 Ng6 34. Nd4 Qf6 35. Nf5
Rc8 36. Rc1 b6 1/2-1/2

[Event "SR 1. liga zapad 2012/2013"]
[Site "?"]
[Date "2012.12.09"]
[Round "4.4"]
[White "Pacher, Milan"]
[Black "Bombek, Peter"]
[Result "1/2-1/2"]
[WhiteElo "2436"]
[BlackElo "2264"]
[PlyCount "125"]
[EventDate "2012.??.??"]

1. d4 d5 2. c4 e6 3. Nc3 Nf6 4. cxd5 exd5 5. Bg5 c6 6. e3 Bf5 7. Qf3 Bg6 8.
Bxf6 Qxf6 9. Qxf6 gxf6 10. h4 h5 11. Nge2 Bd6 12. g3 Nd7 13. Nf4 Ke7 14. Kd2 a5
15. Bd3 Bxf4 16. gxf4 Bxd3 17. Kxd3 Ke6 18. Rag1 Rag8 19. Ne2 f5 20. Rg5 f6 21.
Rxg8 Rxg8 22. Ng3 Rh8 23. Rb1 Nf8 24. a3 Ng6 25. Rh1 Rh7 26. b4 axb4 27. axb4
b5 28. Rc1 Rc7 29. Rh1 Rh7 30. Ke2 Ne7 31. Kf3 Kf7 32. Ra1 Kg6 33. Ra7 Rg7 34.
Rc7 Rh7 35. Kg2 Rg7 36. Kh3 Rh7 37. Ra7 Rg7 38. f3 Rh7 39. Nf1 Kf7 40. Nd2 Rh8
41. Nb3 Rg8 42. Kh2 Re8 43. Kg3 Rg8+ 44. Kf2 Re8 45. Rc7 Rc8 46. Ra7 Re8 47.
Nd2 Rg8 48. Nf1 Rg7 49. Ng3 Kg6 50. Rc7 Rh7 51. Ke2 Rf7 52. Kd3 Rg7 53. Rb7 Rf7
54. e4 dxe4+ 55. fxe4 fxe4+ 56. Nxe4 Nd5 57. f5+ Kg7 58. Rxf7+ Kxf7 59. Ng3
Nxb4+ 60. Ke4 Nd5 61. Nxh5 Nc3+ 62. Kd3 Nd5 63. Ke4 1/2-1/2

[Event "SR 1. liga zapad 2012/2013"]
[Site "?"]
[Date "2012.12.09"]
[Round "4.4"]
[White "Privara, Igor"]
[Black "Kvassay, Peter"]
[Result "1-0"]
[WhiteElo "2278"]
[BlackElo "2028"]
[PlyCount "117"]
[EventDate "2012.??.??"]

1. e4 e5 2. Nc3 Nf6 3. g3 d5 4. exd5 Nxd5 5. Bg2 Nxc3 6. bxc3 Nc6 7. Nf3 Bc5 8.
O-O O-O 9. d3 Bg4 10. Qe1 Re8 11. Qe4 Qd7 12. Ng5 Bf5 13. Bh3 g6 14. Bxf5 Qxf5
15. Qc4 Bb6 16. Qh4 h5 17. h3 f6 18. Ne4 Kf7 19. Kg2 g5 20. Qxh5+ Kg7 21. Qf3
Qxf3+ 22. Kxf3 Rh8 23. Kg2 Kf7 24. Be3 Rad8 25. Rab1 Rhg8 26. c4 Rb8 27. Rh1
Rh8 28. g4 Bd4 29. c3 Bb6 30. Rhd1 Rhd8 31. Kf3 Rh8 32. Rh1 Rh7 33. Rbd1 Rd8
34. Kg3 Kg6 35. h4 gxh4+ 36. Rxh4 Rxh4 37. Kxh4 Rh8+ 38. Kg3 Rh7 39. Kf3 Rh3+
40. Ng3 Rh8 41. Rb1 Bxe3 42. Kxe3 b6 43. Rh1 Rxh1 44. Nxh1 f5 45. gxf5+ Kxf5
46. Ng3+ Ke6 47. Ke4 Na5 48. Nf5 Nb7 49. d4 exd4 50. cxd4 Na5 51. Ne3 c6 52. f4
Nb7 53. f5+ Kd6 54. Ng4 Na5 55. Ne5 a6 56. f6 b5 57. Kf5 Nxc4 58. Nxc4+ bxc4
59. Kg6 1-0

[Event "SR 1. liga zapad 2012/2013"]
[Site "?"]
[Date "2012.12.09"]
[Round "4.4"]
[White "Skrabakova, Katarina"]
[Black "Ruckschloss, Karol"]
[Result "1/2-1/2"]
[WhiteElo "1991"]
[BlackElo "2242"]
[PlyCount "83"]
[EventDate "2012.??.??"]

1. e4 d6 2. d4 Nf6 3. Nc3 g6 4. Be3 c6 5. h3 b5 6. e5 dxe5 7. dxe5 Nfd7 8. Bd4
Bg7 9. e6 Nf6 10. exf7+ Kxf7 11. Nf3 Re8 12. Be2 Qc7 13. O-O e5 14. Nxe5+ Rxe5
15. Bxe5 Qxe5 16. Re1 Qc5 17. Bf3 Nbd7 18. a4 b4 19. Nb5 Ne5 20. Nd6+ Kg8 21.
Ne4 Nxf3+ 22. Qxf3 Nxe4 23. Rxe4 Bf5 24. Qb3+ Qd5 25. Rxb4 Qxb3 26. cxb3 Bxb2
27. Rd1 c5 28. Rb7 a5 29. g4 Be6 30. Rd6 Re8 31. Kg2 Be5 32. Rd3 Bd4 33. Rb5
Bd5+ 34. f3 Re2+ 35. Kg3 Bc6 36. Rxa5 Be5+ 37. Kh4 h6 38. Rd8+ Kf7 39. Ra7+ Ke6
40. Rg8 Bf6+ 41. Kg3 Be5+ 42. Kh4 1/2-1/2

[Event "SR 1. liga zapad 2012/2013"]
[Site "?"]
[Date "2012.12.09"]
[Round "4.4"]
[White "Travenec, Igor"]
[Black "Hlinka, Miroslav"]
[Result "1-0"]
[WhiteElo "2199"]
[BlackElo "2050"]
[PlyCount "85"]
[EventDate "2012.??.??"]

1. e4 d5 2. exd5 Qxd5 3. Nc3 Qd6 4. d4 Nf6 5. Nf3 Bg4 6. Be2 Nc6 7. Nb5 Qd7 8.
d5 Bxf3 9. gxf3 Ne5 10. c4 c6 11. dxc6 Qxc6 12. Bf4 Nfd7 13. Qd5 Qxd5 14. cxd5
Kd8 15. Rc1 a6 16. Nc7 Rc8 17. Ne6+ fxe6 18. Rxc8+ Kxc8 19. dxe6 Nc6 20. exd7+
Kxd7 21. O-O e5 22. Rd1+ Bd6 23. Be3 Rf8 24. Bd3 g6 25. Be4 Ke6 26. Kg2 Rd8 27.
Bd5+ Kf6 28. Rc1 Rc8 29. Rc4 Rc7 30. a3 Ke7 31. Bb6 Rc8 32. Rh4 h5 33. Rc4 Kd7
34. Be3 b5 35. Rc3 b4 36. axb4 Bxb4 37. Rc4 a5 38. Bg5 Kd6 39. Be4 Bc5 40. h4
Ne7 41. f4 Nf5 42. fxe5+ Kxe5 43. Bb7 1-0

[Event "SR 1. liga zapad 2012/2013"]
[Site "?"]
[Date "2012.12.09"]
[Round "4.5"]
[White "Chlpik, Martin"]
[Black "Hartl, Jan"]
[Result "1-0"]
[WhiteElo "2099"]
[BlackElo "2133"]
[PlyCount "67"]
[EventDate "2012.??.??"]

1. e4 e5 2. Nf3 Nc6 3. Bb5 a6 4. Ba4 Nf6 5. O-O Be7 6. Re1 b5 7. Bb3 O-O 8. h3
d6 9. c3 Na5 10. Bc2 c5 11. d4 Nd7 12. d5 Nb6 13. Nbd2 Ra7 14. Nf1 f5 15. exf5
Bxf5 16. Bxf5 Rxf5 17. Ng3 Rf8 18. Ne4 h6 19. Qd3 Rc7 20. b3 c4 21. Qd1 Qe8 22.
Be3 Nc8 23. b4 Nb7 24. a4 Qg6 25. axb5 axb5 26. Ra6 Bf6 27. Qd2 Rcf7 28. Ng3
Nd8 29. Ra8 Nb7 30. Rea1 Ne7 31. Rxf8+ Rxf8 32. Ra7 Rb8 33. Qa2 Nc8 34. Ra8 1-0

[Event "SR 1. liga zapad 2012/2013"]
[Site "?"]
[Date "2012.12.09"]
[Round "4.5"]
[White "Foldesi, Marek"]
[Black "Silhar, Martin"]
[Result "1-0"]
[WhiteElo "2070"]
[BlackElo "1686"]
[PlyCount "108"]
[EventDate "2012.??.??"]

1. d4 Nf6 2. Nf3 g6 3. g3 Bg7 4. Bg2 O-O 5. O-O d6 6. c4 Nbd7 7. Nc3 e5 8. e4
a5 9. b3 Re8 10. d5 Nc5 11. Bg5 h6 12. Bxf6 Bxf6 13. a3 Bg7 14. b4 axb4 15.
axb4 Rxa1 16. Qxa1 Nxe4 17. Nxe4 f5 18. Nfd2 fxe4 19. Nxe4 b6 20. Qa7 Bf5 21.
Ra1 Kh7 22. Qb7 Bxe4 23. Bxe4 Qc8 24. Qxc8 Rxc8 25. Ra7 Bf6 26. c5 bxc5 27.
bxc5 Be7 28. Bd3 Kg7 29. Ba6 Re8 30. c6 Bd8 31. Bc8 Kf7 32. Be6+ Kf6 33. Ra8
Rh8 34. Kf1 Rf8 35. Ke2 Rh8 36. Kd3 Rf8 37. Kc4 Ke7 38. Ra2 Rf3 39. Bg4 Rf6 40.
Re2 h5 41. Bh3 g5 42. Bg2 h4 43. Kd3 h3 44. Bh1 g4 45. Ke3 Kf8 46. f3 Rg6 47.
fxg4 Rxg4 48. Be4 Rg8 49. Bf5 Kg7 50. Bxh3 Rf8 51. Ke4 Kg6 52. Bg2 Bg5 53. h4
Bh6 54. Rb2 Rf7 1-0

[Event "SR 1. liga zapad 2012/2013"]
[Site "?"]
[Date "2012.12.09"]
[Round "4.5"]
[White "Hudoba, Ondrej"]
[Black "Gazi, Mikulas"]
[Result "0-1"]
[WhiteElo "2140"]
[BlackElo "2103"]
[PlyCount "80"]
[EventDate "2012.??.??"]

1. e4 c5 2. Nf3 d6 3. Bb5+ Nc6 4. O-O Bd7 5. Re1 e5 6. c3 a6 7. Bf1 Bg4 8. h3
Bxf3 9. Qxf3 Nf6 10. Na3 b5 11. Nc2 Be7 12. Ne3 O-O 13. Nf5 g6 14. Nxe7+ Qxe7
15. d3 Kg7 16. g4 h5 17. Be2 hxg4 18. hxg4 Nh7 19. Qe3 Rh8 20. Kg2 Nf8 21. Bd2
Ne6 22. Qg3 g5 23. f3 Nf4+ 24. Bxf4 gxf4 25. Qf2 Rh4 26. Rh1 Rah8 27. Rxh4 Qxh4
28. Qxh4 Rxh4 29. a4 b4 30. a5 Rh8 31. Bd1 Rb8 32. Ba4 Nd8 33. Ra2 bxc3 34.
bxc3 Rb1 35. Bd7 Kf6 36. Bc8 Nb7 37. Bd7 Rb3 38. Bc6 Nd8 39. Bd5 Rxc3 40. Bc4
Nc6 0-1

[Event "SR 1. liga zapad 2012/2013"]
[Site "?"]
[Date "2012.12.09"]
[Round "4.5"]
[White "Husari, Satea"]
[Black "Klemanic, Emil"]
[Result "1-0"]
[WhiteElo "2290"]
[BlackElo "2209"]
[PlyCount "57"]
[EventDate "2012.??.??"]

1. d4 g6 2. c4 Bg7 3. Nf3 d6 4. e4 Nf6 5. Nc3 O-O 6. Be2 Bg4 7. Be3 Nfd7 8. Rc1
c5 9. d5 Na6 10. O-O Nc7 11. Qd2 a6 12. a4 b6 13. Bh6 Rb8 14. Bxg7 Kxg7 15. Qf4
Bxf3 16. Qxf3 e5 17. dxe6 Nxe6 18. Qg3 Nf6 19. f4 Nd4 20. Bd3 Re8 21. Rce1 h5
22. e5 dxe5 23. fxe5 Ng4 24. h3 Nh6 25. Rf6 Re6 26. Nd5 h4 27. Qg5 Rxf6 28.
exf6+ Kh7 29. Bxg6+ 1-0